期刊信息 |
| 索取号 |
C5/XAOY
|
| 题名 |
西安欧亚学院学报
|
| 作者 |
西安欧亚学院学报编辑部
|
| 分册号 |
|
| 分册名 |
|
| 出版地 |
西安
|
| 出版者 |
西安欧亚学院
|
| 标准刊号 |
|
| 出版频率 |
季刊
|
| 中图法分类 |
C5
|
| 主题词 |
社会科学 丛书; 社会科学 文集; 社会科学 连续出版物
|
| 电子资源 | |
| |
|
| 000 | 00653nam0 2200217 450 | |
| 001 | 1161536312 | |
| 005 | 20110613171014.42 | |
| 100 | @a20110613d km y0chiy0120 ea | |
| 101 | 0 | @achi |
| 102 | @aCN@b610000 | |
| 200 | 1 | @a西安欧亚学院学报@AXi An Ou Ya Xue Yuan Xue Bao@f西安欧亚学院学报编辑部@FXi An Ou Ya Xue Yuan Xue Bao Bian Ji Bu |
| 210 | @a西安@c西安欧亚学院 | |
| 300 | @a2003年创刊 | |
| 326 | @a季刊 | |
| 606 | 0 | @a社会科学@x丛书 |
| 606 | 0 | @a社会科学@x文集 |
| 606 | 0 | @a社会科学@x连续出版物 |
| 690 | @aC5@v4 | |
| 711 | 02 | @a西安欧亚学院学报编辑部@AXi An Ou Ya Xue Yuan Xue Bao Bian Ji Bu |
| 801 | 0 | @aCN@bNISOFT@c20110613 |
| 905 | @dC5@eXAOY | |
| 西安欧亚学院学报/西安欧亚学院学报编辑部.-西安:西安欧亚学院 |
| 2003年创刊 |
| ● |
| 相关链接: |
|
|
|
|